The myth of media globalization / (Record no. 8892)
[ view plain ]
| 000 -LEADER | |
|---|---|
| fixed length control field | 02203nac a22003611u 4500 |
| 010 ## - LIBRARY OF CONGRESS CONTROL NUMBER | |
| LC control number | 2007280420 |
| 020 ## - INTERNATIONAL STANDARD BOOK NUMBER | |
| International Standard Book Number | 9780745639086 (hbk.) |
| 020 ## - INTERNATIONAL STANDARD BOOK NUMBER | |
| International Standard Book Number | 0745639089 (hbk.) |
| 020 ## - INTERNATIONAL STANDARD BOOK NUMBER | |
| International Standard Book Number | 9780745639093 (pbk.) |
| 020 ## - INTERNATIONAL STANDARD BOOK NUMBER | |
| International Standard Book Number | 0745639097 (pbk.) |
| 035 ## - SYSTEM CONTROL NUMBER | |
| System control number | (OCoLC)ocn122282217 |
| 082 ## - DEWEY DECIMAL CLASSIFICATION NUMBER | |
| Classification number | 302.23 |
| Item number | HAF |
| 090 ## - LOCALLY ASSIGNED LC-TYPE CALL NUMBER (OCLC); LOCAL CALL NUMBER (OCLC) | |
| -- | 8892 |
| -- | 8892 |
| 100 ## - MAIN ENTRY--PERSONAL NAME | |
| Personal name | Hafez, Kai, |
| 245 14 - TITLE STATEMENT | |
| Title | The myth of media globalization / |
| Statement of responsibility, etc | Kai Hafez ; translated by Alex Skinner. |
| 260 ## - PUBLICATION, DISTRIBUTION, ETC. (IMPRINT) | |
| Place of publication, distribution, etc | Cambridge ; |
| -- | Malden, Mass. : |
| Name of publisher, distributor, etc | Polity Press,2007 |
| Date of publication, distribution, etc | c2007. |
| 300 ## - PHYSICAL DESCRIPTION | |
| Extent | viii, 224 p. : |
| Other physical details | ill., map ; |
| Dimensions | 23 cm. |
| 500 ## - GENERAL NOTE | |
| General note | Previously published in German as Mythos Globalisierung. Wiesbaden : Verlag fuÌ(r Sozialwissenschaften, 2005. |
| 504 ## - BIBLIOGRAPHY, ETC. NOTE | |
| Bibliography, etc | Includes bibliographical references (p. [197]-213) and index. |
| 505 0# - FORMATTED CONTENTS NOTE | |
| Formatted contents note | Theory - structural transformation of the global public sphere? -- International reporting - 'No further than Columbus...'' -- Satellite television - the renaissance of world regions -- Film and programme imports - entertainment culture as the core of media globalization -- The Internet - the Information Revolution which came too late for the 'Third Wave of democratization' -- International broadcasting - from national propaganda to global dialogue and back again -- Media and immigration - ethnicity and transculturalism in the media age -- Media policy - why the state continues to play a role -- Media capital - the limits of transnationalization. |
| 511 ## - PARTICIPANT OR PERFORMER NOTE | |
| Participant or performer note | catalogued by: wessam |
| 650 #0 - SUBJECT ADDED ENTRY--TOPICAL TERM | |
| Topical term or geographic name as entry element | Mass media |
| General subdivision | Political aspects. |
| 650 #0 - SUBJECT ADDED ENTRY--TOPICAL TERM | |
| Topical term or geographic name as entry element | Globalization. |
| 650 #0 - SUBJECT ADDED ENTRY--TOPICAL TERM | |
| Topical term or geographic name as entry element | Culture and globalization. |
| 650 #0 - SUBJECT ADDED ENTRY--TOPICAL TERM | |
| Topical term or geographic name as entry element | Massamedia. |
| 650 #0 - SUBJECT ADDED ENTRY--TOPICAL TERM | |
| Topical term or geographic name as entry element | Internationalisatie. |
| 700 1# - ADDED ENTRY--PERSONAL NAME | |
| Personal name | Skinner, Alex. |
| 856 42 - ELECTRONIC LOCATION AND ACCESS | |
| Materials specified | Contributor biographical information |
| Uniform Resource Identifier | <a href="http://www.loc.gov/catdir/enhancements/fy0802/2007280420-b.html">http://www.loc.gov/catdir/enhancements/fy0802/2007280420-b.html</a> |
| 856 42 - ELECTRONIC LOCATION AND ACCESS | |
| Materials specified | Publisher description |
| Uniform Resource Identifier | <a href="http://www.loc.gov/catdir/enhancements/fy0802/2007280420-d.html">http://www.loc.gov/catdir/enhancements/fy0802/2007280420-d.html</a> |
| 856 42 - ELECTRONIC LOCATION AND ACCESS | |
| Materials specified | Table of contents only |
| Uniform Resource Identifier | <a href="http://www.loc.gov/catdir/enhancements/fy0802/2007280420-t.html">http://www.loc.gov/catdir/enhancements/fy0802/2007280420-t.html</a> |
| 942 ## - ADDED ENTRY ELEMENTS (KOHA) | |
| Item type | Book - Borrowing |
| Call number prefix | 302.23HAF |
| Withdrawn status | Item status | Damaged status | Not for loan | Home library | Current library | Shelving location | Date acquired | Source of acquisition | Total Checkouts | Total Renewals | Full call number | Barcode | Date last seen | Date last borrowed | Koha item type |
|---|---|---|---|---|---|---|---|---|---|---|---|---|---|---|---|
| Central Library | Central Library | First floor | 30/03/2008 | Purchase | 7 | 16 | 302.23HAF | 000010434 | 15/07/2025 | 24/12/2020 | Book - Borrowing |